Cover album et ep rap - Statistiques

Statistiques générales
  • Ce quiz a été pris 69 fois
  • Le résultat moyen est 8 sur 20
Statistiques - réponses
Par images Réponse % Correct
commando
87%
Lithopédion
83%
Cicatrices
72%
umla
72%
24
63%
KMT
59%
Akimbo
56%
S/O dieu
56%
l'étrange histoire de mr Anderson
52%
100 visages
46%
Ambition
30%
Saison 00
30%
Split
26%
Blo II
22%
Jok'Travolta
20%
Bushi tape 2
19%
la course
13%
Novae
7%
Sacrifices
2%
Etat d'esprit
0%
Aucun quiz correspondant
Distribution des résultats
% des personnes avec chaque résultat
Percentile par nombre de réponses
Votre historique - résultats
Vous n’avez pas pris ce quiz